| 000 | 01300cam a22003854a 4500 | ||
|---|---|---|---|
| 001 | 14829475 | ||
| 003 | OSt | ||
| 005 | 20140310182435.0 | ||
| 008 | 070426s2008 stka 001 0 eng | ||
| 010 | _a 2007017759 | ||
| 015 |
_aGBA790646 _2bnb |
||
| 016 | 7 |
_a101305638 _2DNLM |
|
| 016 | 7 |
_a014276153 _2Uk |
|
| 020 | _a9780443071973 | ||
| 020 | _a0443071977 | ||
| 035 | _a(OCoLC)ocn123962912 | ||
| 035 | _a(OCoLC)123962912 | ||
| 040 |
_aDNLM/DLC _cDLC _dNLM _dBTCTA _dUKM _dYDXCP _dBAKER _dBWKUK _dDLC |
||
| 042 | _apcc | ||
| 050 | 0 | 0 |
_aRB 40 _b.H893 2008 |
| 100 | 1 |
_aHughes, Jeremy. _98456 |
|
| 245 | 1 | 0 |
_aClinical chemistry made easy / _cJeremy Hughes, Ashley Jefferson ; foreword by John Iredale. |
| 260 |
_aEdinburgh ; _aNew York : _bChurchill Livingstone, _cc2008. |
||
| 300 |
_ax, 204 p. : _bill. ; _c19 cm. |
||
| 541 | _j1 | ||
| 562 | _e1 | ||
| 650 | 0 |
_aClinical chemistry. _98167 |
|
| 650 | 1 | 2 |
_aClinical Chemistry Tests. _97765 |
| 700 | 1 |
_aJefferson, J. Ashley _q(Jonathan Ashley) _98457 |
|
| 700 | 1 |
_aIredale, John. _98458 |
|
| 856 | 4 | 1 |
_3Table of contents only _uhttp://www.loc.gov/catdir/toc/ecip0716/2007017759.html |
| 906 |
_a7 _bcbc _corignew _d1 _eecip _f20 _gy-gencatlg |
||
| 942 |
_2lcc _cSSLC |
||
| 999 |
_c13416 _d13416 |
||